[Event "ROM-chT Rapid"]
[Site "Sebes"]
[Date "2022.12.03"]
[Round "8.25"]
[White "Teodorescu, Razvan"]
[Black "Burja Udrea, Razvan Andrei"]
[Result "1-0"]
[WhiteElo "2118"]
[BlackElo "1365"]
[PlyCount "103"]
[EventDate "2022.12.03"]
[EventType "team-swiss (rapid)"]
[EventRounds "8"]
[EventCountry "ROU"]
[SourceTitle "CBM 211 Extra"]
[Source "ChessBase"]
[SourceDate "2023.01.31"]
[SourceVersion "1"]
[SourceVersionDate "2023.01.31"]
[SourceQuality "1"]
[WhiteTeam "Alba Iulia Unirea II"]
[BlackTeam "Alba Iulia Unirea III"]
[WhiteTeamCountry "ROU"]
[BlackTeamCountry "ROU"]

1. d4 d5 2. c4 c6 3. Nf3 Nf6 4. Nc3 dxc4 5. a4 Bf5 6. Ne5 e6 7. Nxc4 Bb4 8. f3 c5 9. dxc5 Qxd1+ 10. Kxd1 Bxc3 11. Nd6+ Ke7 12. bxc3 Rd8 13. e4 Bg6 14. Ke1 b6 15. cxb6 axb6 16. Ba3 Rxd6 17. e5 Nd5 18. Bxd6+ Kd7 19. Bb5+ Kd8 20. Kd2 Nd7 21. g3 Rc8 22. c4 Ne7 23. a5 Nf5 24. a6 Ra8 25. a7 Nd4 26. Kc3 Nxb5+ 27. cxb5 Kc8 28. Kd4 Kb7 29. Rhc1 Nc5 30. Bxc5 bxc5+ 31. Kxc5 Rc8+ 32. Kd6 Rd8+ 33. Ke7 Ra8 34. Kd7 Bd3 35. Rc7+ Kb6 36. Kd6 Bxb5 37. Rxf7 Rd8+ 38. Kxe6 Bc6 39. Rxg7 Bxf3 40. Rxh7 Bd5+ 41. Ke7 Kc7 42. Kf6+ Kb6 43. e6 Rf8+ 44. Ke5 Ba8 45. e7 Re8 46. Kd6 Rg8 47. Rb1+ Ka6 48. Rb8 Rg6+ 49. Ke5 Re6+ 50. Kxe6 Bd5+ 51. Kxd5 Ka5 52. a8Q# 1-0

[Event "Sebes Romanian Rapid op"]
[Site "Sebes"]
[Date "2022.12.02"]
[Round "8"]
[White "Burja Udrea, Razvan Andrei"]
[Black "Borodi, Cosmin Alin"]
[Result "1/2-1/2"]
[WhiteElo "1365"]
[BlackElo "1919"]
[PlyCount "36"]
[EventDate "2022.12.02"]
[EventType "swiss (rapid)"]
[EventRounds "8"]
[EventCountry "ROU"]
[SourceTitle "CBM 211 Extra"]
[Source "ChessBase"]
[SourceDate "2023.01.31"]
[SourceVersion "1"]
[SourceVersionDate "2023.01.31"]
[SourceQuality "1"]

1. e4 c5 2. Nf3 e6 3. d4 cxd4 4. Nxd4 a6 5. Nc3 Qc7 6. a3 b5 7. Be3 Bb7 8. f3 Nf6 9. Be2 Be7 10. Qd2 b4 11. axb4 Bxb4 12. Ra4 Bxc3 13. Qxc3 Qxc3+ 14. bxc3 0-0 15. 0-0 Rc8 16. Ra3 d6 17. Rb1 Bc6 18. Nxc6 Nxc6 1/2-1/2